Haluatko miljonääriksi? - Statistics

Yleistilastot
  • Tätä visaa on pelattu 187 kertaa
  • Keskiarvotulos 9 / 15
Vastaustilastot
Kysymys Vastaus % Oikein
500 €: Kuinka monta tähteä on Otavan tähtikuviossa? Seitsemän
89%
100 €: Mitä tarkoittaa näyttämötaiteessa käytetty termi monologi? Yksinpuhelu
89%
2000 €: Kuka on kirjoittanut menestyskirjan Tyttö sinä olet...? Jenni Pääskysaari
74%
30 000 €: Mitä esineitä Salvador Dali kuvaa teoksessaan La persistencia de la memoria eli Muiston pysyvyys? Kelloja
70%
300 €: Missä kaupungissa jalkapalloilija Jari Litmanen on syntynyt ja kasvanut? Lahdessa
70%
700 €: Missä seuraavista palveluista viestin pituus oli alunperin korkeintaan 140 merkkiä? Twitter
62%
7000 €: Miten Jeanne D'Arc kuoli perimätiedon mukaan? Poltettiin roviolla
60%
200 000 €: Mikä on maailman syvin järvi? Baikaljärvi
51%
15 000€: Mikä eläin viiksisiippa on? Lepakko
49%
1 000 000 €: Mistä lastenkirjoista tuttu Karhuherra Paddington on kotoisin? Perusta
47%
10 000 €: Minkä urheilulajin supertähtiä ovat Floyd Mayweather Jr. ja Manny Pacquiao? Nyrkkeily
43%
5000 €: Kuka on maalannut kuuluisan maalauksen Avignonin naiset? Pablo Picasso
43%
3000 €:Kenen rap-artistin albumi on Malarian pelko? Paperi T:n
38%
1000 €: Missä kaupungissa sijaitsee maineikas Pradon taidemuseo? Madridissa
34%
60 000 €: Mikä löytö auttoi arkeologeja ratkaisemaan hieroglyfien arvoituksen? Rosettan kivi
32%
Ehtoja vastaavia visoja ei löytynyt
Tulosjakauma
Jokaisen tuloksen saaneiden osuus
Persentiili vastausten määrän mukaan
Tuloshistoriasi
Et ole pelannut tätä visaa